000 00517nam a2200169Ia 4500
005 20250508153418.0
008 008 250505s9999 xx 000 0 eng d
037 _aTextual
040 _aFEDL
_beng
_cFEDL
041 _aeng
_2eng
084 _a510.7834, UNI
_qFEDL
245 0 _aElectronic data processing - I : A suggested 2-year post high school curriculum
300 _a49p.
490 _aTechnical education program series no.4
942 _cTEXL
_h510.7834, UNI
999 _c1342679
_d1342679